El cisne del Najerilla (Record no. 44383)

MARC details
000 -LEADER
campo de control de longitud fija 00602nam a2200193 i 4500
001 - NÚMERO DE CONTROL
campo de control 44383
003 - IDENTIFICADOR DE NÚMERO DE CONTROL
campo de control ES-MaACL
005 - FECHA Y HORA DE LA ÚLTIMA TRANSACCIÓN
campo de control 20230906161022.0
007 - CAMPO FIJO DE DESCRIPCIÓN FÍSICA--INFORMACIÓN GENERAL
campo de control de longitud fija t|
008 - DATOS DE LONGITUD FIJA--INFORMACIÓN GENERAL
campo de control de longitud fija 030321s1971 sp ||||1| spa d
100 1# - ENTRADA PRINCIPAL--NOMBRE DE PERSONA
Nombre de persona Cillero Ulecia, Antonio,
Fechas asociadas al nombre 1917-2007
9 (RLIN) 38827
245 13 - MENCIÓN DEL TÍTULO
Título El cisne del Najerilla
Resto del título : (Don Esteban Manuel de Villegas) /
Mención de responsabilidad, etc. Antonio Cillero Ulecia.
260 ## - PUBLICACIÓN, DISTRIBUCIÓN, ETC.
Lugar de publicación, distribución, etc. [Logroño :
Nombre del editor, distribuidor, etc. Ochoa,
Fecha de publicación, distribución, etc. 1971]
300 ## - DESCRIPCIÓN FÍSICA
Extensión 232 p., 13 lám. ;
Dimensiones 17 cm.
600 14 - PUNTO DE ACCESO ADICIONAL DE MATERIA--NOMBRE DE PERSONA
Nombre de persona Villegas, Esteban Manuel de.
9 (RLIN) 115205
852 ## - LOCALIZACIÓN
Ubicación ES-MaACL
Número de control de estantería C-43891
852 ## - LOCALIZACIÓN
Ubicación ES-MaACL
Número de control de estantería C-44955
Holdings
Estatus retirado Estado de pérdida Estado de daño No para préstamo Biblioteca de origen Biblioteca actual Ubicación en estantería Fecha de adquisición Fuente de adquisición Total de préstamos Signatura topográfica completa Código de barras Visto por última vez Precio de reemplazo Tipo de ítem Koha
        Biblioteca del Ateneo de Madrid Biblioteca del Ateneo de Madrid Depósito 2 17/01/2008     C-44955 1046707 23/02/2023 23/02/2023 Libro impreso
        Biblioteca del Ateneo de Madrid Biblioteca del Ateneo de Madrid Depósito 2 17/01/2008     C-43891 1046706 23/02/2023 23/02/2023 Libro impreso